BIBLIOTECA

SENCICO

La arquitectura en un clima de cambio : (Registro nro. 337)

Detalles MARC
000 -LEADER
fixed length control field 01202nam a2200265Ia 4500
003 - CONTROL NUMBER IDENTIFIER
control field PE SENCICO BE
005 - DATE AND TIME OF LATEST TRANSACTION
control field 20251020182434.0
008 - FIXED-LENGTH DATA ELEMENTS--GENERAL INFORMATION
fixed length control field 200515s9999 xx 000 0 und d
040 ## - CATALOGING SOURCE
Original cataloging agency PE SENCICO BE
Transcribing agency PE SENCICO BE
082 ## - DEWEY DECIMAL CLASSIFICATION NUMBER
Classification number 720.472
Item number S61
100 1# - MAIN ENTRY--PERSONAL NAME
9 (RLIN) 1295
Personal name Smith, Peter F.
Relator term autor
245 10 - TITLE STATEMENT
Title La arquitectura en un clima de cambio :
Remainder of title una guía para el diseño sostenible /
Statement of responsibility, etc. Peter F. Smith
250 ## - EDITION STATEMENT
Edition statement [1a ed.]
260 ## - PUBLICATION, DISTRIBUTION, ETC.
Place of publication, distribution, etc. Barcelona :
Name of publisher, distributor, etc. Reverté,
Date of publication, distribution, etc. 2017
300 ## - PHYSICAL DESCRIPTION
Extent xxi, 320 p. :
Other physical details il. col., diagrs.,
Dimensions 24 cm.
504 ## - BIBLIOGRAPHY, ETC. NOTE
Bibliography, etc. note Bibliografía: p. 313
520 ## - SUMMARY, ETC.
Summary, etc. La obra propone cambios en la manera de construir. En su primera parte expone las pruebas del evidente cambio climático. El libro además promueve la asociación creativa entre los profesionales de la construcción con el fin de alcanzar las condiciones óptimas para los usuarios con la mínima demanda de combustibles fósiles.
650 14 - SUBJECT ADDED ENTRY--TOPICAL TERM
Topical term or geographic name entry element Arquitectura sostenible
9 (RLIN) 280
650 24 - SUBJECT ADDED ENTRY--TOPICAL TERM
Topical term or geographic name entry element Cambio climático
9 (RLIN) 1296
650 20 - SUBJECT ADDED ENTRY--TOPICAL TERM
Topical term or geographic name entry element Arquitectura y clima
9 (RLIN) 188
650 20 - SUBJECT ADDED ENTRY--TOPICAL TERM
Topical term or geographic name entry element Arquitectura bioclimática
9 (RLIN) 189
650 20 - SUBJECT ADDED ENTRY--TOPICAL TERM
Topical term or geographic name entry element Tecnología ecológica
9 (RLIN) 1297
700 1# - ADDED ENTRY--PERSONAL NAME
9 (RLIN) 1299
Personal name Veuthey, Maysi
Relator term traductor
942 ## - ADDED ENTRY ELEMENTS (KOHA)
Koha item type Libros
Source of classification or shelving scheme Dewey Decimal Classification
Existencias
Fecha de la última vez que lo usaron Número de ingreso o de inventario Pago total Signatura topográfica completa Precio efectivo desde Tipo de documento Estado perdido Sistema de clasificación Estado dañado No es para préstamo Retirado Ubicación permanente Ubicación actual Fecha de adquisición Fuente de adquisición
15/05/2020 16606   720.472/S61 20/10/2025 Libros   Dewey Decimal Classification       Biblioteca Central Lima Biblioteca Central Lima 26/07/2023 Comprado de la librería Libun